000 00890nam a2200265 i 4500
003 DO-SdBNP
005 20240821152220.0
007 ta
008 240821s2024 dr 000 0 spa d
020 _a9789945223675
040 _aDO-SdBNP
_bspa
_cBNPHU
_erda
082 _bG216p
_222
100 1 _aGarcía Rosa, Francisco
_d1962-
_eautor
_986376
245 1 0 _aPlazo razonable y duración máxima del proceso /
_cFrancisco García Rosa, Bella M. García Paulino
264 1 _aSanto Domingo :
_bBúho,
_c2024.
300 _a223 páginas,
_c22 cm.
336 _2rdacontent
_atexto
_btxt
337 _2rdamedia
_asin mediación
_bn
338 _2rdacarrier
_avolumen
_bnc
500 _aIncluye datos biográficos de los autores en las solapas.
590 _aInventariado, 2024/ YL
700 1 _aGarcía Paulino, Bella M.
_d1993-
_eautora
_922617
910 _aYLockward
942 _2ddc
_cLBS1
999 _c57521
_d57521